Tolsztoj.
Elmentve itt :
| Szerző: | |
|---|---|
| Adatforrás: | Philobibl |
| Forrásdokumentuma: | Kozári: Emberi okmányok 221-227.p. p. |
| Dokumentumtípus: | Cikk |
| Nyelv: | magyar |
| LEADER | 00263nab a2200097 c 4500 | ||
|---|---|---|---|
| 001 | bibDOK00023925 | ||
| 005 | 20200924121808.8 | ||
| 008 | 060518nuuuuuuuuhu hun | ||
| 100 | 1 | |a Kozári Gyula | |
| 245 | 1 | 0 | |a Tolsztoj. |c Kozári Gyula |
| 773 | 0 | |t Kozári: Emberi okmányok |g 221-227.p. p. | |